00780cam a22002412 4500001001100000005001700011008004100028020001700069040001500086050002400101100003200125245007600157250001200233260003000245300001200275650003700287700003700324852001400361908001100375950000600386999001700392952012900409000001956920151217154434.0110110s xx 000 0 eng d a0321415066 : aKABUcKABU 0aQA76.9b.D3E46 20071 aElmasri, Ramez.@000014841010aFundamentals of database systems /cRamez Elmasri, Shamkant B. Navathe. a5th ed. aBoston :bPearson,c2007. a1010 p. 0aDatabase management.@00001481841 aNavathe, Shamkant B.@00001484111 9p1850 KES a110110 @1 c11254d11254 00102lcc70aKABUbKABUd2015-12-17l15m3oQA76.9 .D3E46 2007 c. 1p22890r2025-06-26 20:55:02s2025-05-27w2015-12-17yBK